000 00650nam a22001937a 4500
003 OSt
005 20181019061146.0
008 180316b xxu||||| |||| 00| 0 spa d
020 _a9501405389
040 _cPJ
100 _92546
_aBertolino, Pedro J.
245 1 3 _aLa verdad jurídica objetiva /
_cPedro J. Bertolino; prólogo del Dr. Lino Enrique Palacio.
260 _aBuenos Aires :
_bDepalma,
_c1990.
300 _a130 p.
_c23 cm.
500 _aCitas y notas bibliográficas al pie de algunas páginas.
650 _aFILOSOFIA DEL DERECHO
_9177
700 _92105
_aPalacio, Lino Enrique
_eprologuista
942 _2udc
_cLIB
_h340.12
_iBER
999 _c1673
_d1673